| 000 | 01188cad a2200277 4500 | ||
|---|---|---|---|
| 001 | L159060 | ||
| 008 | 100215n2013 000 0 eng u | ||
| 020 | _a9781783210305 | ||
| 035 | _a(Sirsi) u159060 | ||
| 041 | _aeng | ||
| 100 | 1 | _aAntoniades, Hera | |
| 111 | 2 |
_aConstruction and Building Research Conference _cIIT Delhi, New Delhi _d10-12 September 2013 |
|
| 245 | 0 | 0 |
_aReal estate agents _bwhy is education important? _h[electronic resource] |
| 260 |
_aLondon _bRICS _c2013 |
||
| 490 | 0 |
_aCOBRA _v2013 |
|
| 520 | _aA paper presented at the COBRA Conference in New Delhi on 10-12 September 2013. Describes the negative impact of many changes to the education of real estate agents in Australia during the last 40 years. | ||
| 650 | 2 | 4 | _aCONSTRUCTION AND BUILDING RESEARCH CONFERENCE (COBRA) |
| 650 | 2 | 4 | _aCONSUMER PROTECTION |
| 650 | 2 | 4 | _aESTATE AGENT |
| 650 | 2 | 4 | _aCAREERS, EDUCATION AND TRAINING |
| 651 | 4 | _aAustralia | |
| 690 |
_aProperty management _96262 |
||
| 700 | 1 | _aEves, Chris | |
| 856 | 4 | 0 |
_uhttps://www.rics.org/Global/Paper%20171%20REAL%20ESTATE%20AGENTS%20%20WHY%20IS%20EDUCATION%20IMPORTANT.pdf _zView this item free of charge at www.rics.org |
| 942 | _n0 | ||
| 999 |
_c115654 _d115654 |
||